| 000 | 00614nam a22002297a 4500 | ||
|---|---|---|---|
| 003 | OSt | ||
| 005 | 20241019142306.0 | ||
| 008 | 241019b |||||||| |||| 00| 0 eng d | ||
| 040 | _cSTCPL | ||
| 041 | _aMAL | ||
| 082 |
_aM4 _bJOS-V |
||
| 100 |
_aJoseph, S _qഎസ് ജോസഫ് |
||
| 245 |
_aVellam ethra lalithamanu / _cby S Joseph _hവെള്ളം എത്ര ലളിതമാണ് |
||
| 260 |
_aAluva : _bSaikatham Books , _c2011 p. |
||
| 300 |
_a79 p. _bPB |
||
| 650 | _aMalayalam | ||
| 650 | _aLiterature | ||
| 650 | _aEssays | ||
| 650 | _aGeneral | ||
| 942 | _cBK | ||
| 942 |
_2ddc _n0 |
||
| 999 |
_c83577 _d83577 |
||